Statistiques concernant Les prénoms les plus attribués dans les années 1950

Cliquez ici pour prendre le quiz!

Statistiques générales

  • Ce quiz a été pris 1,092 fois
  • Le résultat moyen est 55 sur 100

Statistiques - réponses

Rang Prénom % Correct
1Jean
98%
2Marie
95%
3Michel
93%
42François
90%
23Pierre
88%
19Jacques
86%
12Françoise
85%
8Christian
83%
17Claude
82%
56Anne
82%
38Marc
81%
10Bernard
79%
7Patrick
78%
30André
78%
9Philippe
77%
11Daniel
77%
25Christine
76%
6Dominique
76%
4Alain
75%
86Henri
75%
13Gérard
75%
40Yves
74%
5Martine
74%
64Isabelle
73%
34Christiane
73%
24Jean-Pierre
73%
26Sylvie
72%
59René
72%
15Catherine
71%
18Monique
71%
72Georges
70%
58Robert
70%
41Jacqueline
70%
31Pascal
69%
21Annie
69%
87Marcel
68%
22Nicole
68%
53Denis
67%
33Michèle
67%
35Guy
65%
39Claudine
65%
28Patricia
64%
74Michelle
62%
61Eric
62%
49Thierry
62%
70Véronique
61%
52Danielle
60%
20Didier
60%
16Brigitte
59%
75Roger
58%
91Hélène
58%
14Chantal
57%
51Patrice
56%
27Serge
55%
54Elisabeth
52%
55Bruno
51%
62Jean-Paul
51%
36Gilles
50%
43Francis
49%
37Jean-Claude
49%
57Bernadette
49%
69Colette
49%
94Joseph
47%
89Pascale
45%
48Jean-Luc
45%
93Jean-François
42%
73Geneviève
41%
67Béatrice
40%
46Nadine
39%
65Gilbert
39%
83Danièle
39%
29Evelyne
38%
50Josiane
38%
68Mireille
37%
76Jean-Marc
37%
45Annick
37%
79Hervé
37%
82Jean-Michel
37%
80Josette
36%
32Joël
35%
98Gisèle
35%
95Jean-Jacques
34%
71Jean-Louis
33%
88Liliane
33%
92Roland
32%
77Jean-Marie
32%
85Odile
31%
81Eliane
31%
47Joëlle
31%
96Francine
30%
66Anne-Marie
27%
44Jocelyne
23%
63Marie-Christine
19%
60Maryse
19%
97Sylviane
19%
99Marie-Thérèse
17%
90Marie-Claude
16%
84Ghislaine
15%
100Régine
13%
78Jacky
8%

Distribution des résultats

Percentile par nombre de réponses

% des personnes avec chaque résultat

Votre développement - résultats

Vous n’avez pas pris ce quiz